Guess the Country - Rugby National Teams - Statistics

General Stats
  • This quiz has been taken 69 times
  • The average score is 20 of 28
Answer Stats
Picture Answer % Correct
South Africa
100%
Australia
98%
Ireland
98%
England
97%
New Zealand
97%
France
95%
Scotland
90%
Argentina
88%
Wales
88%
Japan
86%
United States of America
86%
Italy
83%
Samoa
83%
Fiji
78%
Tonga
76%
Canada
75%
Russia
66%
Namibia
64%
Spain
64%
Chile
59%
Portugal
59%
Uruguay
58%
Georgia
49%
Kenya
47%
Brazil
44%
Romania
44%
Zimbabwe
36%
Hong Kong
29%
No matching quizzes found
Score Distribution
Percent of People with Each Score
Percentile by Number Answered
Your Score History
You have not taken this quiz